Calciatori spagnoli nel FIFA FIFPro World XI - Statistics

Statistiche generali
  • Questo quiz è stato fatto 9 volte
  • Il punteggio medio è 9 su 11
Statistiche sulle risposte
Numero apparizioni Edizioni apparizioni Squadra Calciatore % Corretto
9 2009; 2010; 2011; 2012: 2013; 2014; 2015; 2016; 2017 Barcellona Andrés Iniesta
100%
11 2008; 2011; 2012; 2013; 2014; 2015; 2016; 2017; 2018; 2019; 2020 Real Madrid Sergio Ramos
100%
6 2008; 2009; 2010; 2011; 2012; 2013 Barcellona Xavi
100%
1 2010 Valencia / Barcellona David Villa
86%
2 2008; 2009 Liverpool Fernando Torres
86%
4 2010; 2011; 2012; 2016 Barcellona Gerard Piqué
86%
5 2008; 2009; 2010; 2011; 2012 Real Madrid Iker Casillas
86%
3 2007; 2008; 2010 Barcellona Carles Puyol
71%
1 2019 Manchester United David de Gea
71%
2 2011; 2012 Real Madrid Xabi Alonso
71%
1 2020 Bayern Monaco / Liverpool Thiago Alcántara
57%
Nessun quiz corrispondente trovato
Distribuzione punteggi
Percentuale di utenti per punteggio
Percentile per numero di risposta
I tuoi punteggi nel tempo
Non hai fatto questo quiz